[Event "RUS-chT 06th"]
[Site "St Petersburg"]
[Date "1999.05.18"]
[Round "3"]
[White "Ivanov, Sergey"]
[Black "Sivokho, Sergey V"]
[Result "1/2-1/2"]
[WhiteElo "2528"]
[BlackElo "2435"]
[Annotator "Stohl,I"]
[PlyCount "119"]
[EventDate "1999.05.16"]
[EventType "team-tourn"]
[EventRounds "9"]
[EventCountry "RUS"]
[SourceTitle "EXT 2020"]
[Source "ChessBase"]
[SourceDate "2019.10.17"]
[SourceVersion "1"]
[SourceVersionDate "2019.10.17"]
[SourceQuality "1"]
[WhiteTeam "Sankt Petersburg Lentransgaz"]
[BlackTeam "Murmansk OShK"]
[WhiteTeamCountry "RUS"]
[BlackTeamCountry "RUS"]

1. d4 Nf6 2. c4 c5 3. d5 b5 4. cxb5 a6 5. bxa6 g6 6. Nc3 Bxa6 7. g3 Bg7 8. Bg2
d6 9. Nh3 Nbd7 10. O-O O-O 11. Bd2 {Ivanov varies from an earlier game of his
own:} (11. Rb1 Qa5 12. Qc2 Rfb8 13. b3 Ne8 14. Bb2 Nc7 (14... c4 $5 15. Ba1 Nc5
$132) 15. Rfc1 Ne5 16. Ng5 Bc8 17. h3 Bf5 $6 (17... Na6 $142 $14) 18. e4 Bc8
19. f4 Nd7 20. e5 dxe5 21. f5 Ne8 22. Rf1 Nef6 23. fxg6 hxg6 24. Nce4 Qb6 25.
Nxf7 Nxd5 26. Ned6 c4+ 27. Kh2 Ne3 28. Qxg6 Nxf1+ 29. Rxf1 exd6 30. Nh6+ Kh8
31. Rf7 {1-0,Ivanov,S-Sakaev,K/St.Petersburg/1997/}) 11... Qa5 (11... Qc7 12.
Qc2 Rfb8 13. Rab1 Ne5 14. b3 Bc8 15. Ng5 Qa7 16. Nf3 (16. Nge4 Bf5 17. Nxf6+
Bxf6 18. Be4 Bd7 19. Bg2 Bg7 20. h3 Bf5 21. e4 Bc8 22. f4 Nd3 $1 23. a4 Nb4 24.
Qd1 Ba6 25. Rf3 Bd3 $17 {Benitah,Y-Nemet,I/Biel op/1998/}) 16... Nxf3+ 17. Bxf3
Nd7 18. Bg2 Ne5 19. h3 Bf5 20. e4 Bc8 21. Rfd1 Qa6 22. Be3 Qa5 23. Rbc1 Nd7 24.
Rd2 Ba6 25. Kh2 Rc8 26. Ne2 Ne5 27. Qd1 Qa3 28. Nf4 Qb4 29. Rdc2 Qb7 30. f3 Bb5
$44 {Aseev,K-Fominyh,A/Elista/1996/}) (11... Qb6 12. Rb1 Rfb8 13. Qc2 Ne8 14.
b3 Nc7 15. a4 Bc8 (15... Bb7 16. Nf4 Ne5 17. Nd3 Nxd3 18. Qxd3 Ba6 19. Qc2 Qa7
20. Rfe1 Rb6 21. e3 Rab8 22. Na2 Bb7 23. e4 e6 24. Nc3 Bd4 25. dxe6 Nxe6 (25...
fxe6 26. Ne2 Bg7 27. b4 $16) 26. Nd5 Bxd5 27. exd5 Nf8 28. Bg5 R6b7 29. Bf1 $16
{Berovski,K-Dimitrov,A/Sofia/1996/}) 16. Rfd1 Ne5 17. Nf4 Na6 18. Na2 Bf5 19.
Be4 Bxe4 20. Qxe4 Rb7 21. Bc3 Rab8 22. Ng2 Qc7 23. Qc2 Qc8 24. Ne3 Ng4 25. Nc4
Bxc3 26. Nxc3 Nb4 27. Qd2 $14 {Ivanov,S-Urban,K/Krynica/1997/}) (11... c4 $5
$146 {This is always a tough decision-() against the potential weakness of c4,
d4 and c6. In this line it's more justified, as the Nh3 is somewhat in offside.
} 12. b4 $6 (12. Ng5 $142 $5) (12. Be3 {[%cal Ye3d4] /\Bd4+/=}) 12... cxb3 13.
axb3 Qb8 14. Ng5 Rc8 15. Nf3 Ne8 16. Rc1 Ra7 17. Na4 Rxc1 18. Bxc1 Rb7 19. Bh3
f5 20. Bg5 Rxb3 21. Nd4 (21. Bxe7 Qb5) 21... Bxd4 22. Qxd4 Bxe2 23. Re1 Ne5 $1
$17 {Ivanov,S-Polovnikova,E/St. Petersburg/1998/}) 12. Qc2 Rfb8 13. Rab1 (13.
b3 c4 14. Rab1 cxb3 15. Rxb3 Rc8 16. Nf4 Nc5 (16... Ne5 $132) 17. Rbb1 g5 $6
18. Nh3 h6 19. f4 g4 20. Nf2 Bc4 21. Rfc1 Qa6 22. Be3 Ncd7 23. Qd2 h5 24. Bd4
$36 {Aseev,K-Sivokho,S/St.Petersburg/1996/}) 13... c4 $5 $146 {[%mdl 16] Again
this move. In the game Black even loses this P and for a moment is 2 pawns
down, but nevertheless saves the game.} (13... Ne8 14. b3 Ne5 15. a4 Qd8 16.
Ng5 Ra7 17. Rfe1 Rab7 18. f4 Nd7 19. Nce4 Nb6 20. Ba5 h6 21. Nh3 Qd7 22. Bxb6
Rxb6 23. Nd2 Rb4 24. Nf2 c4 $6 25. Nxc4 Bxc4 26. bxc4 Rb2 27. Rxb2 Rxb2 28. Qe4
Nf6 29. Qe3 Rb4 30. Rc1 Rxa4 31. Bf3 $14 {Aseev,K-Eliseev,A/St.Petersburg/1997/
}) 14. Rfd1 (14. b3 {-13.b3 Ivanov is not interested in repeating the game
Aseev-Sivokho as above and prefers to keep the << closed.}) 14... Ne5 15. Ng5
Bc8 16. Nge4 Ne8 $5 {Black rightly avoids exchanges.} (16... Nxe4 17. Bxe4 {
[%cal Ya2a3,Yc3a2,Ya2b4] /\a3,Na2-b4|^}) (16... Bf5 17. Nxf6+ Bxf6 18. Be4 $14)
17. h3 {[%cal Yf2f4] /\f4} (17. f4 Ng4 $132) (17. Be3 $5 $14 {/\Bd4}) 17... Bf5
18. Bg5 (18. f4 Nd7 19. g4 Bxe4 20. Bxe4 Nc5 $13) 18... Rb7 19. g4 Bxe4 20.
Bxe4 Rab8 21. Kg2 (21. Be3 Nf6 22. Bg2 $14) 21... Nf6 22. f4 Ned7 (22... Nxe4
$6 23. Nxe4 Nd3 24. exd3 (24. b4 Nxb4 25. Qxc4 Rc7 $13) 24... Rxb2 25. Kg3 $1
h6 (25... Rxc2 26. Rxb8+ Bf8 27. Bh6 $18) 26. Bxe7 $1 c3 (26... Rxc2 27. Rxb8+
Kh7 28. Nf6+ Bxf6 29. Bxf6 g5 30. f5 $18) 27. d4 $5 $18) 23. Bf3 Nc5 24. Bh4
Kf8 (24... Rb4 25. Be1 Qa6 26. a3 $1 Rb3 27. Na2 $16) 25. Bf2 Rb4 26. Bd4 (26.
Be1 $5 $36) 26... Nfd7 27. Qd2 Na4 $1 $132 28. Nxa4 Qxa4 {White will be left
with a passive B and will not be able to make any progress. Such a position
requires a N.} 29. a3 Rb3 (29... R4b7 30. Bxg7+ Kxg7 31. Qd4+ Kg8 32. Rdc1 Rc7
33. h4 $5 $36) 30. Bxg7+ Kxg7 31. Qd4+ Kg8 {/\c3} 32. Rdc1 $8 Nc5 $1 33. Rxc4
Qb5 34. g5 (34. a4 Qb7 $44) (34. Rc2 Rxa3 {/\} 35. b4 Ra4 36. Rc4 Na6 $11)
34... Qb6 {Loses a tempo.} (34... Rxb2 $142 $5 {/\ immediately was possible.}
35. a4 $2 Rxe2+ $1 36. Bxe2 Qxb1 $36) 35. h4 Rxb2 36. Rxb2 Qxb2 37. Qxb2 Rxb2
38. Rb4 (38. h5 $5 Ra2 (38... gxh5 39. Bxh5 Ra2 40. Rc3 f6 41. Re3 $1 fxg5 42.
fxg5 Kf8 43. Kg3 $16) 39. Rc3 $14 {[%cal Yh5h6,Yg2b1] /\h6,><h7,Kf2-e1-d1} (39.
h6 Rxa3 40. Rb4 Ra8 $11)) 38... Ra2 39. Rb8+ Kg7 40. Ra8 {/\h5} (40. Re8 e6 41.
Rd8 (41. Ra8 exd5 42. Kf2 d4 43. Bd5 d3 $1 44. Ra7 Kf8 $1 $36) 41... exd5 42.
Rxd6 Ne6 43. Kg3 Rxa3 44. Rxd5 h6 $14) 40... h6 $1 {[]} 41. Kf2 hxg5 42. hxg5
Rc2 43. a4 Rc4 (43... f5 $5 $11) 44. a5 Ra4 $1 (44... Rxf4 $2 45. e4 $1 {
[%csl Ga5] o^a} f5 46. gxf6+ Kxf6 47. a6 $18) 45. Kg3 Ra3 (45... f5 {was also
possible.}) 46. Kg2 (46. Re8 Ne4+ 47. Kg4 Nd2 48. Bh1 $5 Nc4 49. e4 f5+ $1 50.
gxf6+ (50. exf5 Ne3+ $36) 50... Kxf6 $11) 46... Ra4 47. Kf2 f5 $1 $11 48. gxf6+
(48. Kg3 Ra3 $11) 48... Kxf6 {Now Black's K gets out of the box and a draw is
inevitable.} 49. Kg3 g5 50. e3 (50. fxg5+ Kxg5 51. Kf2 Kf6 $11 (51... Kf4 $5
52. Re8 Rxa5 53. Rxe7 Ra2 $11)) 50... gxf4+ 51. exf4 Kf5 52. Re8 Kf6 53. Bh5
Rxa5 54. Rf8+ Kg7 55. Rf7+ Kh6 56. Bf3 Ra7 57. f5 Ra4 $1 $11 58. f6 (58. Rxe7
Kg5 59. Rf7 Ra3 60. Kg2 Nd3 $11) 58... Kg6 (58... exf6 59. Rxf6+ Kg5 60. Rxd6
Ne4+ 61. Bxe4 Rxe4 $11) 59. Rxe7 (59. Bh5+ $2 Kxh5 60. fxe7 Re4) 59... Kxf6 60.
Re8 1/2-1/2

[Event "RUS-ch 56th"]
[Site "Krasnoyarsk"]
[Date "2003.09.04"]
[Round "2"]
[White "Kiriakov, Petr"]
[Black "Khairullin, Ildar"]
[Result "1-0"]
[WhiteElo "2553"]
[BlackElo "2445"]
[Annotator "Stohl,I"]
[PlyCount "83"]
[EventDate "2003.09.03"]
[EventType "swiss"]
[EventRounds "9"]
[EventCountry "RUS"]
[SourceTitle "CBM 098"]
[Source "ChessBase"]
[SourceDate "2004.02.03"]
[SourceVersion "1"]
[SourceVersionDate "2004.02.03"]
[SourceQuality "1"]

1. d4 Nf6 2. c4 c5 3. d5 b5 4. cxb5 a6 5. bxa6 g6 6. Nc3 Bxa6 7. Nf3 Bg7 8. g3
d6 9. Bh3 $5 {A rare alternative to the more usual} (9. Bg2 {On h3 the B is
more active, moreover it stops the possible Ng4 sortie. On the other hand d5
is not so well protected and the B doesn't support the advance e4 so well.})
9... Nbd7 (9... O-O 10. O-O Nbd7 11. Qc2 Qc7 12. Rd1 Rfb8 13. Rb1 Nb6 (13...
Rb4 14. b3 Rab8 15. Ba3 R4b7 16. Bb2 Qa5 17. Ba1 Rb4 18. Na4 Qb5 19. Nc3 Qb7
20. e4 h5 21. Bg2 Ng4 22. h3 Nge5 23. Nxe5 Bxe5 24. f4 Bd4+ 25. Kh1 h4 26. g4
$36 {Vaganian,R-Vasiukov,E/Vilnius/1975/}) 14. b3 Bc8 15. Bg2 Bd7 16. h3 Qc8
17. Kh2 Ne8 18. Bb2 Nc7 19. e4 h6 20. Nd2 Kh7 21. f4 Ra7 22. a3 Qh8 23. Bf1
Rab7 24. Nc4 Nxc4 25. Bxc4 Qc8 26. h4 Qh8 27. Re1 Ne8 28. h5 $16 {Polugaevsky,
L-Seirawan,Y/Monte Carlo act/1993/}) 10. O-O Nb6 $5 (10... O-O 11. Qc2 {
-9...0-0}) 11. Re1 O-O 12. e4 (12. Bf4 Nc4 (12... Nfd7 13. Qc1 (13. Rc1 $5 {/\}
Nc4 14. b3 $14) 13... Bb7 14. e4 Nc4 {Szabo,L-Bellon Lopez,J/Montilla/1975/}
15. Bh6 $14) 13. Qc1 Qa5 14. Rb1 Rfb8 (14... Rab8 15. Nd2 {Kraidman,Y-Bellon
Lopez,J/Haifa olm/1976/} Nxb2 16. Nb3 Qa3 17. Qxb2 Qxb2 18. Rxb2 c4 19. Reb1
$16) 15. Nd2 Qb4 $1 16. a3 (16. Nxc4 Bxc4 {[%csl Ra2,Rd5] ><d5,a2}) 16... Qa5
17. Bg2 Nd7 18. Nxc4 Bxc4 19. Bd2 Qa6 20. Bf1 Rb3 21. Qc2 Rab8 22. Nd1 R3b7 23.
b4 cxb4 24. Bxb4 Bxd5 $15 {Van der Vliet,F-Bellon Lopez,J/Wijk aan Zee/1977/})
(12. Bg2 Qd7 13. Nd2 Rfb8 14. Qc2 Bb7 15. e4 Ng4 16. h3 Ne5 17. f4 Nec4 18.
Nxc4 Nxc4 19. b3 Bd4+ 20. Kh2 Na3 21. Qd2 Bc8 22. Bb2 Qb7 23. Nd1 Qb4 $5 $44 {
Szabo,L-Vasiukov,E/Wijk aan Zee/1973/}) (12. Rb1 $2 Bc4 13. e4 Bxa2 14. Nxa2
Rxa2 $11 15. Bd2 Qa8 16. Bc3 (16. b4 $11) 16... Na4 $1 17. Bxf6 Bxf6 18. e5
dxe5 19. Qb3 Nxb2 20. Rxb2 Ra3 21. Qb6 Rxf3 22. Qxc5 e4 23. Rb5 Qa2 24. Bg2 e3
$1 {0-1,Farago,I-Knaak,R/Novi Sad/1979/}) 12... Nfd7 (12... Nc4 $5 13. e5 (13.
Qc2 Qa5 $44 (13... Nd7 $143 {-12...Nfd7 13.Qc2})) 13... Ne8 (13... dxe5 14.
Nxe5 Nxd5 $5 15. Qxd5 Qxd5 16. Nxd5 Bxe5 17. Nxe7+ Kg7 $132) 14. exd6 exd6 15.
Qc2 Qa5 (15... Nf6 $5 $44) 16. Bd7 Rb8 $132) 13. Bf4 (13. Qc2 $142 $1 Nc4 (
13... Qc7 14. Bg5 $14) 14. Bxd7 Qxd7 15. b3 Ne5 (15... Nb6 16. Bf4 Bb7 17. Rad1
f6 18. a4 g5 19. Bc1 h6 20. Bb2 Rf7 {Tisdall,J-Bancod,R/Jakarta/1997/} 21. Nd2
$14) 16. Nxe5 Bxe5 17. Bb2 Rfb8 (17... f5 18. Nd1 Bxb2 19. Nxb2 f4 20. Nc4 Qh3
21. Qd3 Rf6 22. Qf3 g5 23. e5 Rh6 24. Qg2 Qf5 25. g4 $16 {Mustonen,V-Puronaho,
A/FIN-ch cr/1986/}) 18. Nd1 Bxb2 19. Nxb2 Qb7 20. Re3 Bb5 21. Nd1 Bd7 22. Rc3
Ra3 23. Ne3 $14 {Beliavsky,A-Palatnik,S/Kiev/1978/}) 13... Nc4 14. Qc2 Nde5 15.
Nxe5 Nxe5 16. Bxe5 (16. Red1 Qa5 $44 (16... Nf3+ 17. Kg2 Nd4 $132)) 16... Bxe5
{[%csl Ge5][%cal Gh8a1] When the dark-squared B has no opposition Black is
usually fine, if he doesn't allow White to blockade the << as in the game.} 17.
Rac1 $146 (17. Bf1 Qa5 18. Bxa6 Rxa6 19. Re2 Rb8 20. Nd1 Rab6 21. Qc1 Qa4 22.
Kg2 Rb4 23. Nc3 Qa6 24. Rd2 Qc4 25. f3 f5 $44 {|^,Williams,A-Day,L/Haifa olm/
1976/}) (17. f4 $6 Bd4+ 18. Kh1 Qc7 19. Rac1 Rfb8 20. b3 Qa5 21. Nb1 Rb4 22.
Bd7 c4 23. Nd2 Rab8 24. Nf3 Bg7 25. Ba4 f5 26. Ng5 Rxa4 27. bxa4 Rb2 28. Qd1
fxe4 29. Nxe4 Rxa2 $36 {Braakhuis,W-Lier,W/NED-ch cr/1994/}) 17... Qa5 18. b3
Rfb8 19. Bd7 $5 Ra7 ({Black doesn't want to exchange his powerful B yet and he
is probably right.} 19... Bxc3 20. Qxc3 Qxa2 21. Rb1 $1 (21. Ra1 Qxb3 22. Qxb3
Rxb3 23. Bc6 Ra7 24. Ra2 (24. Ra5 c4 25. Rea1 c3 $1 $15) 24... Rb6 25. Rea1 $13
{The pin on the <->a is permanent, on the other hand White has no suitable way
to exploit it.}) 21... Qa3 22. Bc6 Ra7 23. e5 $36) 20. Ba4 Bc8 {A step in the
wrong direction, the B was well placed on a6.} (20... c4 $142 $1 $44 {->}) 21.
Nb1 Bd7 $2 {[%csl Ra4][%mdl 16384] A serious strategic mistake. Black
exchanges the passive B and allows White to make a big step towards his ideal
setup (see move 26).} (21... e6 $5 $14 {/~~<=>}) (21... f5 22. Nd2 Bd4 23. Nc4
Qc7 24. Ne3 $1 $36) 22. Bxd7 Rxd7 23. Nd2 Ra7 24. a4 Bd4 (24... Qb4 $5 25. Re2
$16 {[%cal Yc1b1,Yd2c4] /\Rb1,Nc4} (25. Rb1 $6 Bc3 $44)) 25. Nc4 Qc7 (25... Qb4
$8 26. Rb1 $16 (26. e5 Qxb3 27. Qxb3 Rxb3 28. exd6 exd6 29. a5 Rf3 $14 {/<=>}))
26. Na3 $1 {[%mdl 4] Now White achieves the ideal position, as his N comes to
b5, stopping any <<<=>.} Rab7 27. Nb5 Rxb5 $6 {Desperation, but even after} (
27... Qa5 28. Qc4 $16 {/+- White has a decisive strategical advantage.} (28.
Re2 $16 {/+-})) 28. axb5 Rxb5 29. Qd3 Qb6 30. Rb1 Rb4 (30... c4 31. bxc4 Bxf2+
32. Kg2 Bxe1 33. cxb5 Qf2+ 34. Kh1 $18 {leads nowhere.}) (30... Bxf2+ $4 31.
Kxf2 c4+ 32. Qe3 $18) 31. Rec1 Qa5 (31... e6 32. dxe6 fxe6 33. Rc4 Rb5 (33...
d5 34. Rxb4 Qxb4 35. exd5 exd5 36. Qf3 Qb7 37. Re1 $18) 34. Ra4 $18) 32. Rc4
$18 Rxc4 (32... Qb5 33. Qc2 $18) (32... Rb8 33. Ra4 Qb6 34. Qc4 {[%cal Rb3b4] /
\b4+-}) 33. bxc4 Qa2 34. Rf1 {[%cal Yg1g2,Yg2f3,Yd3e2] /\Kg2-f3,Qe2 Although
White's forces are passive for the time being, he has a clear-cut plan to
untangle them and convert his extra exchange.} f6 35. h4 Kg7 (35... h5 36. e5
$1 $40) 36. h5 (36. Kg2 $5 $18 {is simpler.}) 36... Qb2 (36... gxh5 37. Kg2 Kf8
38. Kf3 $1 $18) (36... g5 $142 37. Kg2 Kh6 (37... g4 38. Qd1 Qxc4 39. h6+ $1
$18 {->}) 38. g4 $18 (38. Kf3 $5 {/\} g4+ 39. Kg2 $19 {[%csl Rg4] ><g4})) 37.
Kg2 (37. hxg6 $142 hxg6 38. Kg2) 37... Qa2 38. hxg6 hxg6 39. Kf3 $1 g5 40. Kg2
$1 {The <->h is open and White can abandon his Pc4 and concentrate on the
mating ->.} (40. Qe2 $4 g4+ $19) 40... Kf8 41. Qf3 Qc2 (41... Qxc4 42. Rh1 {
[%cal Rf3f5] /\Qf5+-}) 42. Qf5 {[%cal Rf1h1] /\Rh1} 1-0

[Event "Corus"]
[Site "Wijk aan Zee"]
[Date "2003.01.23"]
[Round "10"]
[White "Kramnik, Vladimir"]
[Black "Topalov, Veselin"]
[Result "1-0"]
[WhiteElo "2807"]
[BlackElo "2743"]
[Annotator "Stohl,I"]
[PlyCount "113"]
[EventDate "2003.01.11"]
[EventType "tourn"]
[EventRounds "13"]
[EventCountry "NED"]
[EventCategory "18"]
[SourceTitle "CBM 093"]
[Source "ChessBase"]
[SourceDate "2003.04.01"]
[SourceVersion "1"]
[SourceVersionDate "2003.04.01"]
[SourceQuality "1"]

1. d4 Nf6 2. c4 c5 3. d5 b5 4. cxb5 a6 5. bxa6 g6 6. Nc3 Bxa6 7. g3 d6 8. Bg2
Nbd7 9. Nf3 Bg7 10. Rb1 O-O 11. O-O Qa5 12. Bd2 Rfb8 13. Qc2 Ne8 14. Rfe1 {
White wants to make as many useful moves as possible before changing the
structure on the << and thus limits Black's <=>.} (14. a4 $5 Qc7 (14... c4 15.
Nb5 Qb6 16. Be3 Nc5 17. Qxc4 Bxb5 18. axb5 Qxb5 19. Qxb5 Rxb5 20. Nd4 Rb7 21.
b4 Na4 22. Rb3 $16 {Gustafsson,J-Szieberth,A/Budapest/2001/}) (14... Qb6 15. b3
Nc7 16. Rfd1 $14) 15. b3 Ra7 16. Rfe1 Nef6 17. h3 Rab7 18. e4 Ne8 19. Bf1 (19.
Na2 $5 $14 {[%cal Yd2c3] /+/-,/\Bc3}) 19... Bxf1 20. Kxf1 Qc8 21. Kg2 c4 22.
Nb5 cxb3 23. Qxb3 Nc7 24. Qc2 Nxb5 25. Qxc8+ Rxc8 26. Rxb5 Rxb5 27. axb5 Rb8
28. Rb1 Nc5 $132 {Drasko,M-Cmiel,T/Porz/1991/}) (14. b3 Qa3 $142 $1 (14... Nc7
15. a4 Qb6 16. Rfd1 (16. Rfe1 {-14.Rfe1}) 16... Qa7 (16... Bb7 17. e4 Na6 18.
Na2 Rc8 19. Be3 Nb4 20. Nxb4 Qxb4 21. Bh3 Rd8 22. Bd2 Qb6 23. Be3 Qa5 24. Bd2
Qa7 25. Be3 Qa5 26. Bd2 Qa7 27. Bc3 Bxc3 28. Qxc3 Nf6 29. Qe3 $14 {Shaidullina,
S-Pogonina,N/RUS-chW Elista/2002/}) 17. e4 Rb6 18. Bg5 Re8 19. Na2 e6 20. Nc3
$6 (20. dxe6 $5 Nxe6 21. Be3 $16) 20... exd5 21. Nxd5 Nxd5 22. exd5 Re2 $44 {
Gustafsson,J-Fogarasi,T/Budapest/2001/}) 15. Bc1 Qa5 16. Bb2 (16. Bd2 $11)
16... c4 17. Rfd1 Nc5 18. Ba1 Rb4 19. Nd2 cxb3 20. axb3 Nc7 21. Bf1 Bc8 22. e4
Qa7 $44 23. Na4 Nxa4 24. Bxg7 Kxg7 25. bxa4 Rxa4 26. Qc3+ Kg8 27. Rdc1 Ne8 28.
Nc4 Ra2 29. Nb6 Rb8 $11 {Epishin,V-Krivoshey,S/Graz op/2001/}) 14... Nc7 {
[%cal Yc7b5] /\Nb5} 15. a4 $1 $146 {[%mdl 8] Doesn't allow Black to exchange
the important Nc3, which cements the <<.} (15. e4 Nb5 16. Nxb5 Qxb5 17. Bf1 (
17. Bc3 Qd3 18. Rbc1 Bxc3 19. bxc3 Qxc2 20. Rxc2 Bc4 21. Ra1 Bd3 $15 {Varga,
Z-Fogarasi,T/Budapest/2000/}) 17... Qb7 18. Bxa6 Qxa6 19. a3 Qa4 $44 20. b3 $6
Qxa3 21. Bc3 Bxc3 22. Qxc3 Qb4 23. Qe3 f6 $15 {Krstev,R-Jacimovic,D/Skopje op/
1998/}) 15... Qb6 16. b3 {The pawn sacrifice is the point of the previous move.
} (16. e4 $6 Qb3 $1 $44) 16... Bxc3 17. Bxc3 Nxd5 18. Ne5 $1 {Connects
strategy with tactics. White gets a better P-structure.} Nxe5 $8 {Otherwise
Black loses material, or heavily compromises his position.} (18... N7f6 19. Nc4
(19. Bxd5 $16) 19... Qa7 20. Bxf6 $16) (18... dxe5 19. Bxd5 $16) 19. Bxd5 Bb7 {
A difficult choice-give your opponent a permanent advantage, or a dangerous
attack?} (19... Nc6 20. Qe4 Bb7 21. Qf4 Nd8 22. a5 $40) 20. Bxb7 Rxb7 21. Bxe5
dxe5 22. Rec1 $14 {/+/-} f6 23. Qe4 (23. Qxc5 $2 Qxc5 24. Rxc5 Rxa4 $11) 23...
Kg7 24. Rc3 Rab8 25. Qc2 Qe6 (25... Rc7 $2 26. b4 $18 {[%csl Ga4,Gb4] o^a,b})
26. a5 Kf7 (26... Rb5 $5 27. Rxc5 (27. Ra1 Qd6 28. a6 Ra8 $14) 27... Rxb3 28.
Rxb3 Qxb3 29. Qxb3 Rxb3 30. Rc7 $14 {/+/-}) 27. Ra1 Rxb3 28. Rxb3 Qxb3 29. Qxc5
Qb2 30. Qc4+ Kg7 31. Qa2 $5 {White decides to go for further simplification,
but even a major piece _|_ was promising.} (31. Ra2 Qd4 $16 (31... Qb1+ 32. Kg2
Qb7+ 33. f3 $16)) 31... Qxa2 32. Rxa2 $16 {[%mdl 4352] White has transposed
into an ideal R_|_, he supports his o^ from behind. But despite this it's not
easy to demonstrate a forced win, Topalov continues to defend tenaciously.} Ra8
33. a6 Ra7 34. Kg2 Kf7 (34... e4 35. Kf1 Kf7 36. Ke1 (36. Ra4 $5) 36... Ke6 37.
Kd2 $16) 35. Kf3 Ke6 36. g4 Kd6 (36... Kd5 37. h4 Kc6 38. Ke4 $16) 37. h4 h6
38. g5 ({Even after} 38. h5 {Black retains drawing chances:} gxh5 $142 (38...
g5 $6 {loses time and keeps more vulnerable P on the board:} 39. Ke4 e6 40. Ra3
Kd7 41. Kd3 Kc6 42. Kc4 Kb6 43. e4 Kc6 (43... Rc7+ 44. Kb4 Ka7 45. Rf3 Rf7 46.
Kc5 $18) 44. Rf3 Rf7 45. a7 Rxa7 (45... Kb7 46. Kc5 Kxa7 47. Kd6 $18) 46. Rxf6
Kd6 47. Rxh6 Rf7 48. Rg6 $18) 39. gxh5 e6 (39... f5 40. e4 e6 41. Ra5 $16 {/+-}
) 40. Ke4 Kc6 41. Ra3 (41. Kd3 Kb5 $1 $11) 41... Kb6 (41... Kd6 $5) 42. Rf3 Rf7
43. Rg3 Kxa6 44. Rg6 Kb5 45. Rxh6 Kc6 46. Rg6 Kd6 $14 {[%cal Yf6f5] /=,/\f5})
38... hxg5 39. hxg5 f5 (39... Kc6 40. Ke4 Kb6 41. gxf6 exf6 42. Kd5 {[%cal
Rd5e6] /\Ke6+-}) 40. e4 (40. Ke3 e6 41. Ra5 Kc7 42. f3 Kb8 $14) 40... e6 41.
Ra5 Kc7 42. Ke3 Kb8 43. Rxe5 {This seems to be premature.} (43. f3 $5 {keeps
the tension, White's K strives to enter via c5, e.g.} f4+ (43... Kc7 44. Kd3
Kb6 45. Rxe5 Rd7+ 46. Kc4 Rd6 47. Rb5+ Kxa6 48. Kc5 $1 Rd3 49. Rb6+ Ka7 50.
Rxe6 Rxf3 51. e5 $18 {[%csl Ge5,Gg5] o^e,g}) 44. Kd3 (44. Ke2 $5 $16) 44...
Rd7+ (44... Kc7 45. Kc4 Kb6 46. Kb4 $22 $18) 45. Kc4 (45. Kc3 Rd6 46. Ra3 Rc6+
47. Kb4 Ka7 48. Kb5 Rc8 49. Rd3 Rd8 $5 50. Rc3 Rb8+ 51. Ka5 Rc8 $1 $14) 45...
Rd4+ (45... Rd6 $6 46. Ra3 Ka7 47. Kc5 Rd1 48. Kc6 {[%cal Ra3a5] /\Ra5} Rg1 49.
Kd7 Rxg5 50. Kxe6 $18) 46. Kc5 (46. Kc3 Rd6 {-45.Kc3}) 46... Rd3 47. Rb5+ Ka7
48. Rb7+ Kxa6 49. Rg7 Rxf3 50. Rxg6 $14 {/+/-}) 43... Rxa6 44. Rc5 (44. exf5
exf5 45. Re7 Kc8 46. Kf4 (46. Rf7 Re6+ 47. Kf3 Kd8 $11) 46... Kd8 47. Rf7 Re6
48. Rf6 Ke7 49. Rxe6+ Kxe6 50. Ke3 Kd5 51. Kd3 Ke5 52. Ke3 f4+ 53. Kd3 Kf5 54.
f3 Kxg5 55. Ke4 $11) 44... Kb7 45. Kf4 Kb6 46. Rc8 fxe4 47. Kxe4 (47. Rg8 Kc6
48. Rxg6 Kd7 $5 $14 (48... Kd5 49. Rg8 $1 Ra2 50. Rd8+ Kc6 51. Kg3 Ra7 52. Kg4
Ra2 53. Rf8 $16)) 47... Kb7 48. Rg8 (48. Rc3 Ra5 (48... Ra4+ 49. Ke5 Ra5+ 50.
Kf6 Rf5+ 51. Kxg6 Rxf2 52. Re3 $18) 49. f4 Rb5 50. Rh3 Kc7 51. Rh6 Kd6 52. Rxg6
Rb4+ 53. Kf3 Ke7 {leads only to the game position anyway.}) 48... Kc6 49. Rxg6
Kd6 50. f4 (50. Rg7 Ra4+ 51. Ke3 e5 52. Rg6+ Ke7 $14) 50... Ra4+ 51. Kf3 Ke7
52. Rg7+ Kf8 53. Rb7 Rc4 $2 {Only this can be identified as the losing mistake.
} ({After} 53... Ra1 $1 {Black's position is holding:} 54. Kg4 (54. g6 $2 Rg1)
(54. Ke4 Re1+) 54... Rg1+ 55. Kh5 Rf1 56. Kh6 (56. Rb8+ Kg7 $11) (56. Rb4 Kg7
$11) 56... Rxf4 57. Rb8+ Ke7 58. g6 Rh4+ 59. Kg5 (59. Kg7 e5 $132) 59... Rh1
60. g7 Rg1+ 61. Kh6 Rh1+ 62. Kg6 Rg1+ 63. Kh7 Rh1+ 64. Kg8 e5 65. Rb5 Rh5 66.
Ra5 Ke8 $11 {and because the Pe5 shields Black's K from frontal checks, White
has no way to extricate his K from g8.}) 54. g6 $1 $18 Rc1 (54... Rc5 55. Rf7+
{[%cal Rf3g4] /\Kg4+-} (55. Kg4 $143 Rf5)) 55. Kg4 Rc5 (55... Rg1+ 56. Kh5 Rg2
(56... Kg8 57. Re7 $18) 57. Kh6 Rh2+ 58. Kg5 Rf2 59. f5 $1 (59. Rf7+ Ke8 (59...
Kg8 60. Re7 $18) 60. Kh6 Rh2+ 61. Kg7 $18) 59... Rxf5+ (59... exf5 60. g7+ Kg8
61. Kf6 $18) 60. Kh6 Rf6 61. Kh7 $18) 56. Rf7+ Ke8 (56... Kg8 57. Rf6 Rc6 58.
Kg5 $18 {[%cal Rf4f5,Yg5h6,Yg6g7] /\,f5,Kh6,g7}) 57. f5 $1 (57. f5 exf5+ 58.
Rxf5 Rc1 (58... Rxf5 59. Kxf5 Ke7 60. Ke5 Ke8 61. Ke6 Kf8 62. Kf6 $18) 59. Kg5
Rh1 (59... Ke7 60. g7 $18) 60. g7 Ke7 61. Kg6 Rg1+ 62. Kh7 Rh1+ 63. Kg8 $18 {
and White has reached a simple Lucena position.}) 1-0